Τα γελαστά ζώα

Saved in:
Bibliographic Details
Main Author: Παπαγιώργης, Κωστής, 1947-2014
Format: Book
Language:Greek
Published: Αθήνα : Καστανιώτης, c2004.
Edition:3η εκδ.
Subjects:
Tags: Add Tag
No Tags, Be the first to tag this record!

MARC

LEADER 00000cam a2200000 a 4500
001 1/124264
008 220131s2004####gr | ||| |||| ||gre||
020 |a 9600336636 
040 |a GR-MyUa  |b gre  |c GR-MyUa  |e AACR2 
041 0 |a gre 
082 7 |a 153.4   |2 (23) 
100 1 |a Παπαγιώργης, Κωστής,   |d 1947-2014. 
245 1 3 |a Τα γελαστά ζώα /   |c Κωστή Παπαγιώργη.  
250 |a 3η εκδ.  
260 |a Αθήνα :   |b Καστανιώτης,   |c c2004.  
300 |a 225 σ. ;   |c 22 εκ.  
650 0 |a Wit and humor  |x History and criticism. 
650 0 |a Greek wit and humor, Modern  |x History and criticism. 
650 0 |a Philosophy. 
852 |a INST  |b LESVOS  |e 20220131  |h 153.4 ΠΑΠ  |p 005100063668  |q 005100063668  |t BK  |y 0 
970 |a Καμάτσου  |b Δέσποινα  |z 31-01-2021